Ekologické zaťaženie v stredisku cestovného ruchu Donovaly

Ekologické zaťaženie ako významný faktor ovplyvňujúci rozvoj cestovného ruchu v strediskách, ktoré sú charakteristické určitými osobitosťami vo vzťahu k ekológii a ochrane životného prostredia, nakoľko vyhovujúce prírodné prostredie je základným predpokladom rozvoja cestovného ruchu v danej lokalite...

Descrizione completa

Salvato in:
Dettagli Bibliografici
Autore principale: Kalinová, Ivana
Natura: Capitolo di libro
Lingua:slovacco
Soggetti:
Tags: Aggiungi Tag
Nessun Tag, puoi essere il primo ad aggiungerne!!

MARC

LEADER 00000naa$a2200000$$$4500
001 0115439
005 20231016073945.9
041 0 |a slo 
044 |a SK 
245 1 0 |a Ekologické zaťaženie v stredisku cestovného ruchu Donovaly  |c Ivana Kalinová 
520 |a Ekologické zaťaženie ako významný faktor ovplyvňujúci rozvoj cestovného ruchu v strediskách, ktoré sú charakteristické určitými osobitosťami vo vzťahu k ekológii a ochrane životného prostredia, nakoľko vyhovujúce prírodné prostredie je základným predpokladom rozvoja cestovného ruchu v danej lokalite. Skúmanie ekologického zaťaženia na základe vybraných indikátorov a určenie ich vplyvu na životné prostredie a podmienky regulovania vplyvov v horskom stredisku cestovného ruchu Donovaly. 
610 2 0 |a ekológia 
610 2 0 |a ochrana prírody 
610 2 0 |a ochrana prostredia životného 
610 2 0 |a ochrana vody 
610 2 0 |a doprava 
610 2 0 |a odpad komunálny 
610 2 0 |a urbanizácia 
610 2 0 |a ruch cestovný 
100 1 |a Kalinová, Ivana